000 00705nam a2200241Ia 4500
003 OSt
005 20220926010048.0
006 a|||||r|||| 00| 0
007 ta
008 220923b |||||||| |||| 00| 0 eng d
037 _cGeneral Book
040 _aRTL
_cRTL
_beng
041 _2eng
_aeng
082 _aa494(X:5).281.N87<N86, M7
110 _aDELHI (University of-)
245 0 _aCountertrade in perspective
_b A case study of MMTC.
260 _a New Delhi
_bUniversity of
_c1987
300 _a207p.
_ccm.
500 _aAppendix :186-207p.
700 _aDELHI (University of-)
942 _ha494(X:5).281.N87<N86, M7
_cGB
_2CC
999 _c616317
_d616317